| 000 | 00348nam a22001457a 4500 | ||
|---|---|---|---|
| 003 | SGT | ||
| 020 | _a9789382676294 | ||
| 082 | _a345,MIS | ||
| 100 | _aMISRA, S. N. | ||
| 245 |
_aINDIAN PENAL CODE _bCRIMINAL LAW (AMENDMENT) |
||
| 260 |
_aALLAHBAD _bCENTRAL LAW PUBLICATIONS _c2014 |
||
| 300 | _a942 | ||
| 650 | _aCRIMINAL LAW | ||
| 942 |
_2ddc _cBK _04 |
||
| 999 |
_c10177 _d10177 |
||